Pokémon by Type Combinations - Statistics

General Stats
  • This quiz has been taken 390 times
  • The average score is 13 of 26
Answer Stats
Answer % Correct
Dragonite
88%
Venusaur
84%
Swampert
73%
Victreebel
69%
Vileplume
69%
Quagsire
68%
Salamence
67%
Metagross
65%
Sableye
61%
Alolan Golem
56%
Spiritomb
53%
Whiscash
51%
Altaria
49%
Bronzong
49%
Gastrodon
45%
Crabominable
43%
Roserade
42%
Alolan Ninetales
40%
Rayquaza
40%
Seismitoad
38%
Jirachi
34%
Noivern
34%
Amoonguss
24%
Solgaleo
23%
Iron Thorns
21%
Iron Crown
16%
No matching quizzes found
Score Distribution
Percent of People with Each Score
Percentile by Number Answered
Your Score History
You have not taken this quiz